[Event "IRI-ch U16"]
[Site "Chess.com INT"]
[Date "2021.01.16"]
[Round "8"]
[White "Niazi, Mahan"]
[Black "Sherafat, Mahdi"]
[Result "1-0"]
[WhiteElo "1106"]
[BlackElo "1316"]
[PlyCount "45"]
[EventDate "2021.01.16"]
[EventType "swiss"]
[EventRounds "11"]
[EventCountry "IRI"]
[SourceTitle "EXT 2022"]
[Source "ChessBase"]
[SourceDate "2021.10.06"]
[SourceVersion "1"]
[SourceVersionDate "2021.10.06"]
[SourceQuality "1"]

1. e4 c5 2. Nf3 Nf6 3. Nc3 Nc6 4. d4 d5 5. exd5 Nxd5 6. Bb5 Nxc3 7. bxc3 Bd7 8. 0-0 e6 9. d5 exd5 10. Qxd5 Be7 11. Re1 0-0 12. Bf4 Rc8 13. Rad1 Be6 14. Qh5 Qb6 15. Bd3 g6 16. Qh6 Bf6 17. Ng5 Bxg5 18. Bxg5 f6 19. Rxe6 f5 20. Rxg6+ hxg6 21. Bc4+ Rf7 22. Bf6 Qc7 23. Qg7# 1-0